Advanced social philosophy / (Record no. 98735)

MARC details
000 -LEADER
fixed length control field 00814nam a22002417a 4500
003 - CONTROL NUMBER IDENTIFIER
control field URS
005 - DATE AND TIME OF LATEST TRANSACTION
control field 20260415092558.0
008 - FIXED-LENGTH DATA ELEMENTS--GENERAL INFORMATION
fixed length control field 260223t2024 ph ||||| |||| 001 0 eng d
020 ## - INTERNATIONAL STANDARD BOOK NUMBER
International Standard Book Number 9786210224443
040 ## - CATALOGING SOURCE
Original cataloging agency DLC
Language of cataloging eng
Transcribing agency DLC
Modifying agency DLC
-- URS
Description conventions rda
082 ## - DEWEY DECIMAL CLASSIFICATION NUMBER
Classification number B 839
Item number .H429 2024
100 ## - MAIN ENTRY--PERSONAL NAME
Personal name Hermosa, Jherwin.
Relator term author.
245 ## - TITLE STATEMENT
Title Advanced social philosophy /
Statement of responsibility, etc. Dr. Jherwin Hermosa, and Dr. Edilberto Andal.
264 ## - PRODUCTION, PUBLICATION, DISTRIBUTION, MANUFACTURE, AND COPYRIGHT NOTICE
Place of production, publication, distribution, manufacture Quezon, City:
Name of producer, publisher, distributor, manufacturer Central Book Supply, Inc.,
Date of production, publication, distribution, manufacture, or copyright notice [2024]
300 ## - PHYSICAL DESCRIPTION
Extent xvi, 120 pages ;
Dimensions 23 cm.
336 ## - CONTENT TYPE
Source rdacontent
Content type term text
Content type code txt
337 ## - MEDIA TYPE
Source rdamedia
Media type term unmediated
Media type code n
338 ## - CARRIER TYPE
Source rdacarrier
Carrier type term volume
Carrier type code nc
504 ## - BIBLIOGRAPHY, ETC. NOTE
Bibliography, etc. note Includes bibliographical references (pages 119-120), glossary, and indexes.
650 ## - SUBJECT ADDED ENTRY--TOPICAL TERM
Topical term or geographic name entry element Social philosophy.
700 ## - ADDED ENTRY--PERSONAL NAME
Personal name Andal, Edilberto.
Relator term author.
942 ## - ADDED ENTRY ELEMENTS (KOHA)
Source of classification or shelving scheme Dewey Decimal Classification
Koha item type Filipiniana
Holdings
Withdrawn status Source of classification or shelving scheme Damaged status Not for loan Home library Current library Shelving location Date acquired Total Checkouts Full call number Barcode Date last seen Price effective from Koha item type Collection code Source of acquisition Copy number
  Library of Congress Classification     Antipolo College Library Antipolo College Library Filipiniana Section 10/23/2025   B 839 .H429 2024 URSANT-06222 03/24/2026 03/24/2026 Filipiniana Non-fiction Purchased 1
  Library of Congress Classification     Antipolo College Library Antipolo College Library Filipiniana Section 10/23/2025   B 839 .H429 2024 URSANT-06223 03/24/2026 03/24/2026 Filipiniana Non-fiction Purchased 2
  Dewey Decimal Classification     Pililla College Library Pililla College Library Filipiniana Section 02/23/2026   306.01 H429 2024 URSPIL-7407 02/23/2026 02/23/2026 Filipiniana      

University of Rizal System
Email us at univlibservices@urs.edu.ph

Visit our Website www.urs.edu.ph/library